000 00298nam a22001217a 4500
008 230621b xxu||||| |||| 00| 0 eng d
082 _a327.54
_bSHA 1967
100 _cB. L. Sharma
245 _aThe Kashmer Story
260 _aIndia
_bAsia Publishing House
_c1967
300 _a271p
942 _2ddc
_cBK
999 _c1969
_d1969